000 00525nam a2200181 i 4500
001 138540
003 ES-MaACL
005 20230906195602.0
007 t|
008 070214s1972 sp a |||| | spa d
100 1 _aSans Valles, Francisco.
_9103211
245 1 0 _aAccesorios eléctricos del automóvil /
_cFrancisco Sans Valles.
250 _a1ª ed.
260 _aBarcelona :
_bCeac,
_c1972.
300 _a204 p. :
_bil. ;
_c21 cm.
650 4 _aAutomóviles-
_xEquipo eléctrico.
_9144295
852 _aES-MaACL
_jC-47360
999 _c138540
_d138540